Alle Länder des Russischen Kaiserreichs (mit Karte) - Statistiken

Allgemein
  • Dieses Quiz wurde 52 mal gespielt
    40 seit der letzten Aktualisierung
  • Das Durchschnittsergebnis liegt bei 29 aus 32
Antworten auf der Karte
Die Antworten werden auf der Karte rot bzw. grün angezeigt, abhängig davon wie oft sie richtig erraten wurden.
 
Antwortstatistiken
Land % Korrekt
Finnland
100%
Russland
100%
Ukraine
100%
Belarus
97%
China
97%
Georgien
97%
Rumänien
97%
Estland
94%
Frankreich
94%
Kasachstan
94%
Lettland
94%
Litauen
94%
Nordkorea
94%
Polen
94%
Türkei
94%
Armenien
91%
Aserbaidschan
91%
Bulgarien
91%
Griechenland
91%
Iran
91%
Kirgistan
91%
Moldau
91%
Turkmenistan
91%
Usbekistan
91%
Vereinigte Staaten
91%
Deutschland
88%
Montenegro
88%
Tadschikistan
88%
Libanon
85%
Schweden
79%
Norwegen
71%
Dschibuti
68%
Keine übereinstimmenden Quizze gefunden
Verteilung der Resultate
Anzahl Personen mit jedem Resultat
Perzentil nach korrekt beantworteten Fragen
Ihre Resultats-Entwicklung
Sie haben dieses Quiz seit der letzten Aktualisierung nicht gespielt